|
|
|
|
| LEADER |
00000nas a2200000 a 4500 |
| 001 |
vtls001448586 |
| 003 |
SK-MaSNL |
| 005 |
20260221114115.0 |
| 008 |
131003sm y0 xo 0 0slo c |
| 035 |
|
|
|a SNK000403851
|
| 040 |
|
|
|a SNK
|b slo
|c SNK
|e AACR2
|
| 041 |
0 |
|
|a slo
|
| 245 |
1 |
|
|a Cirkewní listy
|
| 260 |
|
|
|a Martin
|b Slovenská národná knižnica
|c 1865-
|
| 850 |
|
|
|a Slovenská národná knižnica v Martine
|
| 999 |
|
|
|c 3264
|d 5194
|
| 952 |
|
|
|0 0
|1 0
|4 0
|7 0
|a SNK
|b SNK
|d 2003-01-28
|i snkMF 41/2003
|l 0
|o snkSMF 4/1863-1864
|p 17A0372110
|r 2005-01-02 00:00:00
|t P60, <03>, [BOOK], {603}
|w 2026-02-21
|y PREZ
|
| 952 |
|
|
|0 0
|1 0
|4 0
|7 0
|d 2003-01-28
|i snkMF 42/2003
|l 0
|o snkSMF 4/1863-1864 D1
|p 17A0372111
|r 2005-01-02 00:00:00
|t P66, <07>, [BOOK], {667}
|w 2026-02-21
|y PREZ
|